000 00888pam a2200301 4500
999 _c7640
_d7640
001 4159516
003 OSt
005 20220121105048.0
008 730220s1973 caua b 001 0 eng
010 _a 78156043
020 _a9780521882231
040 _aDLC
_cDLC
_dDLC
050 0 0 _aQC178
_b.M57
082 0 0 _b531.14 PAD 2010
100 1 _aPadmanabhan, T;
_97984
245 1 0 _aGravitation
_cPadmanabhan, T;
260 _aCambridge
_bCambridge
_c2010
300 _axxvi,700p.
_bill,
_c26 cm.
350 _a$39.50
504 _ait i includes notes and index.
650 0 _aPhysics.
_97985
650 0 _aAstrophysics.
_97955
650 0 _aGeneral relativity (Physics)
_97986
700 1 _aThorne, Kip S.,
_ejoint author.
_97987
700 1 _aWheeler, John Archibald,
_d1911-2008,
_ejoint author.
_97988
906 _a7
_bcbc
_corignew
_d1
_encip
_f19
_gy-gencatlg
942 _2ddc
_cO_SHELF